Sigmund Freud and His Impact on the Modern World : (Record no. 587029)

MARC details
000 -LEADER
fixed length control field 00517nam a2200193 a 4500
008 - FIXED-LENGTH DATA ELEMENTS--GENERAL INFORMATION
fixed length control field 250914s2001##################000#0#eng##
020 ## - INTERNATIONAL STANDARD BOOK NUMBER
ISBN 9780881633429
082 04 - DEWEY DECIMAL CLASSIFICATION NUMBER
Classification number 150.1952
Item number WIN
100 1# - MAIN ENTRY--AUTHOR NAME
Personal name Winer, Jerome A.,
245 10 - TITLE STATEMENT
Title Sigmund Freud and His Impact on the Modern World :
260 ## - PUBLICATION, DISTRIBUTION, ETC. (IMPRINT)
Name of publisher Routledge,
Year of publication 2001.
300 ## - PHYSICAL DESCRIPTION
Number of Pages 332 pages
650 #0 - SUBJECT ADDED ENTRY--TOPICAL TERM
Topical Term Psychology.
942 ## - ADDED ENTRY ELEMENTS (KOHA)
Koha item type English Books
Holdings
Withdrawn status Lost status Damaged status Not for loan Home library Current library Shelving location Date acquired Full call number Accession Number Price effective from Koha item type
        Anna Centenary Library Anna Centenary Library 3RD FLOOR, A WING 15.09.2025 150.1952 WIN 470025 15.09.2025 English Books

Find us on the map